EURO 2024 squads pt. 2 - Statistics

General Stats
  • This quiz has been taken 115 times
  • The average score is 104 of 310
Answer Stats
Club Position Player % Correct
Wolverhampton Wanderers GK José Sá
91%
Manchester City DF Nathan Aké
90%
Liverpool DF Virgil van Dijk
90%
Tottenham Hotspur DF Micky van de Ven
88%
Barcelona FW Robert Lewandowski
88%
Paris Saint-Germain FW Kylian Mbappé
87%
Atlético Madrid FW Memphis Depay
87%
RB Leipzig FW Xavi Simons
87%
Liverpool FW Cody Gakpo
85%
Manchester City MF Kevin De Bruyne
85%
Bayern Munich DF Matthijs de Ligt
85%
Milan GK Mike Maignan
84%
Internazionale DF Stefan de Vrij
84%
Roma FW Romelu Lukaku
81%
Milan DF Théo Hernandez
81%
Real Madrid MF Aurélien Tchouaméni
79%
Real Madrid MF Eduardo Camavinga
79%
Manchester City FW Jérémy Doku
79%
Barcelona DF Jules Koundé
79%
Milan FW Olivier Giroud
79%
Napoli MF Piotr Zieliński
79%
Arsenal DF William Saliba
79%
Atlético Madrid MF Antoine Griezmann
78%
Borussia Dortmund FW Donyell Malen
78%
Arsenal DF Jakub Kiwior
78%
Manchester City DF Rúben Dias
78%
Al-Nassr FW Cristiano Ronaldo
76%
Bayern Munich DF Dayot Upamecano
76%
Liverpool DF Ibrahima Konaté
76%
Al-Ittihad MF N'Golo Kanté
76%
Juventus MF Adrien Rabiot
75%
Internazionale DF Denzel Dumfries
75%
Real Madrid DF Ferland Mendy
75%
FCSB FW Florinel Coman
75%
Al-Ettifaq MF Georginio Wijnaldum
75%
Bayern Munich FW Kingsley Coman
75%
Milan FW Rafael Leão
75%
Bayer Leverkusen FW Jeremie Frimpong
73%
Internazionale FW Marcus Thuram
73%
Juventus GK Wojciech Szczęsny
73%
Benfica DF António Silva
72%
Manchester City MF Bernardo Silva
72%
Manchester United MF Bruno Fernandes
72%
Liverpool FW Diogo Jota
72%
Arsenal MF Leandro Trossard
72%
Paris Saint-Germain FW Ousmane Dembélé
72%
Roma GK Rui Patrício
72%
Real Madrid FW Arda Güler
70%
West Ham United GK Alphonse Areola
69%
Atlético Madrid MF Axel Witsel
69%
Paris Saint-Germain FW Bradley Barcola
69%
Manchester United DF Diogo Dalot
69%
Napoli FW Khvicha Kvaratskhelia
69%
Borussia Dortmund MF Marcel Sabitzer
69%
Arsenal DF Oleksandr Zinchenko
69%
Al-Hilal MF Rúben Neves
69%
Liverpool MF Ryan Gravenberch
69%
Brighton & Hove Albion GK Bart Verbruggen
67%
Barcelona FW João Félix
67%
Benfica MF João Neves
67%
Paris Saint-Germain FW Randal Kolo Muani
67%
Paris Saint-Germain MF Vitinha
67%
Aston Villa MF Youri Tielemans
67%
Real Madrid GK Andriy Lunin
66%
Internazionale DF Benjamin Pavard
66%
Girona DF Daley Blind
66%
RB Leipzig FW Loïs Openda
66%
Chelsea FW Mykhailo Mudryk
66%
Paris Saint-Germain DF Nuno Mendes
66%
Al-Shabab FW Yannick Carrasco
66%
Everton MF Amadou Onana
64%
Porto GK Diogo Costa
64%
VfL Wolfsburg GK Koen Casteels
64%
Porto DF Pepe
64%
Milan MF Tijjani Reijnders
64%
Paris Saint-Germain FW Gonçalo Ramos
63%
Internazionale FW Marko Arnautović
63%
Paris Saint-Germain DF Milan Škriniar
63%
Barcelona DF João Cancelo
61%
Bayern Munich MF Konrad Laimer
61%
Newcastle United GK Martin Dúbravka
61%
Girona FW Artem Dovbyk
60%
Manchester City MF Matheus Nunes
60%
Bayer Leverkusen FW Patrik Schick
60%
Monaco MF Youssouf Fofana
60%
Gaziantep FW Denis Drăguș
58%
Internazionale MF Hakan Çalhanoğlu
58%
Fulham MF João Palhinha
58%
Paris Saint-Germain MF Warren Zaïre-Emery
58%
Southampton DF Jan Bednarek
57%
Tottenham Hotspur DF Radu Drăgușin
57%
Leicester City DF Wout Faes
57%
TSG Hoffenheim FW Wout Weghorst
57%
Paris Saint-Germain MF Danilo Pereira
54%
Anderlecht DF Jan Vertonghen
54%
Roma MF Nicola Zalewski
54%
Parma FW Dennis Man
52%
Brentford GK Mark Flekken
52%
Napoli MF Stanislav Lobotka
52%
Ajax FW Steven Bergwijn
52%
West Ham United MF Tomáš Souček
52%
Lens GK Brice Samba
51%
Borussia Dortmund MF Ian Maatsen
51%
Marseille DF Jonathan Clauss
51%
Nottingham Forest GK Matz Sels
51%
Wolverhampton Wanderers DF Nélson Semedo
51%
Fulham DF Timothy Castagne
51%
Valencia GK Giorgi Mamardashvili
49%
West Ham United DF Vladimír Coufal
49%
Feyenoord DF Lutsharel Geertruida
48%
Atalanta FW Charles De Ketelaere
46%
Lens MF Przemysław Frankowski
45%
Everton DF Vitaliy Mykolenko
45%
Ajax FW Brian Brobbey
43%
Sevilla FW Dodi Lukebakio
42%
Nice GK Marcin Bułka
42%
Brighton & Hove Albion MF Jakub Moder
40%
Benfica MF Orkun Kökçü
40%
Trabzonspor DF Thomas Meunier
40%
Rennes DF Arthur Theate
39%
Atlético Madrid MF Arthur Vermeeren
39%
İstanbul Başakşehir FW Krzysztof Piątek
39%
Wolverhampton Wanderers MF Pedro Neto
39%
Galatasaray FW Barış Alper Yılmaz
37%
AEK Athens MF Damian Szymański
37%
Metz FW Georges Mikautadze
37%
PSV Eindhoven FW Johan Bakayoko
37%
Juventus FW Kenan Yıldız
37%
Bologna GK Łukasz Skorupski
37%
Lyon MF Orel Mangala
37%
Borussia Dortmund MF Salih Özcan
37%
Fenerbahçe MF Sebastian Szymański
37%
Anderlecht DF Zeno Debast
37%
Antalyaspor FW Adam Buksa
36%
Dynamo Kyiv MF Andriy Yarmolenko
34%
Porto FW Francisco Conceição
34%
Lens DF Kevin Danso
34%
Roma DF Zeki Çelik
34%
Bayer Leverkusen FW Adam Hložek
33%
Manchester United GK Altay Bayındır
33%
Sporting CP DF Gonçalo Inácio
33%
Bournemouth DF Illya Zabarnyi
33%
PSV Eindhoven MF Jerdy Schouten
33%
PSV Eindhoven MF Joey Veerman
33%
Hellas Verona FW Karol Świderski
33%
Al-Ahli DF Merih Demiral
33%
Alavés MF Ianis Hagi
31%
Feyenoord GK Justin Bijlow
31%
Luton Town GK Thomas Kaminski
31%
RB Leipzig MF Christoph Baumgartner
30%
Valencia FW Roman Yaremchuk
30%
Lille FW Yusuf Yazıcı
30%
Feyenoord DF Dávid Hancko
28%
Pogoń Szczecin FW Kamil Grosicki
28%
Damac MF Nicolae Stanciu
28%
Shakhtar Donetsk MF Taras Stepanenko
28%
Benfica GK Anatoliy Trubin
27%
Bologna MF Kacper Urbański
27%
SC Freiburg FW Michael Gregoritsch
27%
Empoli DF Bartosz Bereszyński
25%
Fulham GK Marek Rodák
25%
Pisa MF Marius Marin
24%
Hellas Verona DF Paweł Dawidowicz
24%
Empoli MF Răzvan Marin
24%
Bayer Leverkusen GK Matěj Kovář
22%
Borussia Mönchengladbach DF Maximilian Wöber
22%
Hellas Verona MF Ondrej Duda
22%
Rayo Vallecano DF Andrei Rațiu
21%
Lech Poznań DF Bartosz Salamon
21%
TSG Hoffenheim MF Florian Grillitsch
21%
Ludogorets Razgrad MF Jakub Piotrowski
21%
Galatasaray FW Kerem Aktürkoğlu
21%
Empoli DF Sebastian Walukiewicz
21%
Atalanta United MF Bartosz Slisz
19%
Beşiktaş FW Cenk Tosun
19%
Feyenoord DF Gernot Trauner
19%
Club Brugge MF Michał Skóraś
19%
Bologna DF Stefan Posch
19%
Girona MF Viktor Tsyhankov
19%
Fiorentina MF Antonín Barák
18%
VfL Wolfsburg MF Aster Vranckx
18%
Gaziantep GK Florin Niță
18%
Genoa MF Ruslan Malinovskyi
18%
Jagiellonia Białystok MF Taras Romanczuk
18%
1. FC Kaiserslautern DF Tymoteusz Puchacz
18%
Atlético Madrid GK Horațiu Moldovan
16%
Sparta Prague FW Lukáš Haraslín
16%
Hertha BSC DF Peter Pekarík
16%
Copenhagen DF Denis Vavro
15%
Fenerbahçe DF Ferdi Kadıoğlu
15%
Brøndby GK Patrick Pentz
15%
Mainz 05 DF Philipp Mwene
15%
Shakhtar Donetsk MF Heorhiy Sudakov
13%
Slavia Prague FW Ivan Schranz
13%
Slovan Bratislava MF Juraj Kucka
13%
Club Brugge MF Maxim De Cuyper
13%
Dynamo Kyiv MF Mykola Shaparenko
13%
RB Leipzig MF Nicolas Seiwald
13%
Slavia Prague MF Tomáš Holeš
13%
Fenerbahçe FW İrfan Kahveci
12%
West Bromwich Albion MF Okay Yokuşlu
12%
Bologna FW Joshua Zirkzee
10%
VfL Wolfsburg DF Patrick Wimmer
10%
Parma FW Valentin Mihăilă
10%
1. FC Köln MF Florian Kainz
9%
Bari FW George Pușcaș
9%
Beşiktaş GK Mert Günok
9%
Galatasaray DF Abdülkerim Bardakcı
7%
Rennes FW Bertuğ Yıldırım
7%
Raków Częstochowa DF Bogdan Racovițan
7%
Galatasaray MF Kaan Ayhan
7%
Fenerbahçe DF Mert Müldür
7%
Panathinaikos DF Samet Akaydin
7%
VfL Wolfsburg FW Václav Černý
7%
Leicester City FW Yunus Akgün
7%
Pafos DF Adrian Rus
6%
Watford MF Giorgi Chakvetadze
6%
Levante MF Giorgi Kochorashvili
6%
Union SG GK Heinz Lindner
6%
Dynamo Kyiv GK Heorhiy Bushchan
6%
Sparta Prague DF Ladislav Krejčí
6%
Lech Poznań MF Nika Kvekveskiri
6%
Werder Bremen MF Romano Schmid
6%
Hellas Verona FW Tomáš Suslov
6%
Shakhtar Donetsk DF Yukhym Konoplya
6%
Ajax DF Ahmetcan Kaplan
4%
Sturm Graz MF Alexander Prass
4%
Konyaspor MF Alexandru Cicâldău
4%
West Bromwich Albion FW Andreas Weimann
4%
Karlsruher SC FW Budu Zivzivadze
4%
TSG Hoffenheim DF David Jurásek
4%
Slavia Prague DF David Zima
4%
Gaziantep MF Deian Sorescu
4%
Muaither FW Denis Alibec
4%
RB Salzburg DF Flavius Daniliuc
4%
Slovan Brastislava DF Guram Kashia
4%
APOEL DF Lasha Dvali
4%
Slavia Prague MF Lukáš Provod
4%
Slavia Prague MF Matěj Jurásek
4%
Shakhtar Donetsk DF Mykola Matviyenko
4%
Salernitana DF Norbert Gyömbér
4%
Shakhtar Donetsk MF Oleksandr Zubkov
4%
Cracovia DF Otar Kakabadze
4%
Genk MF Patrik Hrošovský
4%
SC Freiburg DF Philipp Leinhart
4%
Beşiktaş FW Semih Kılıçsoy
4%
Westerlo MF Serhiy Sydorchuk
4%
FCSB GK Ștefan Târnovanu
4%
Viktoria Plzeň FW Tomáš Chorý
4%
Trabzonspor GK Uğurcan Çakır
4%
Bordeaux MF Zuriko Davitashvili
4%
FCSB MF Adrian Șut
3%
Al-Okhdood DF Andrei Burcă
3%
Polissya Zhytomyr DF Bohdan Mykhaylichenko
3%
CFR Cluj FW Daniel Bîrligea
3%
FCSB MF Darius Olaru
3%
Slovan Bratislava FW David Strelec
3%
Dinamo Tbilisi GK Giorgi Loria
3%
Dinamo Batumi MF Giorgi Tsitaishvili
3%
New England Revolution GK Henrich Ravas
3%
Palermo DF Ionuț Nedelcearu
3%
Fenerbahçe MF İsmail Yüksek
3%
Hamburger SV MF László Bénes
3%
Feyenoord FW Leo Sauer
3%
VfL Bochum MF Matúš Bero
3%
Slavia Prague FW Mojmír Chytil
3%
Universitatea Craiova DF Nicușor Bancu
3%
Rapid Wien GK Niklas Hedl
3%
Boavista FW Róbert Boženík
3%
CFR Cluj DF Vasile Mogoș
3%
Sturm Graz GK Vítězslav Jaroš
3%
Dynamo Kyiv FW Vladyslav Vanat
3%
Cagliari DF Adam Obert
1%
Ascoli FW Dávid Ďuriš
1%
Sparta Prague FW Jan Kuchta
1%
Slavia Prague GK Jindřich Staněk
1%
Rapid Wien DF Leopold Querfeld
1%
Panetolikos MF Levan Shengelia
1%
Slovan Liberec FW Ľubomír Tupta
1%
Cremonese DF Luka Lochoshvili
1%
Viktoria Plzeň MF Lukáš Červ
1%
LASK DF Maksym Taloverov
1%
Rapid Wien MF Marco Grüll
1%
Sparta Prague DF Martin Vitík
1%
TSV Hartberg FW Maximilian Entrup
1%
Dnipro-1 DF Oleksandr Svatok
1%
Dynamo Kyiv DF Oleksandr Tymchyk
1%
Feyenoord MF Ondřej Lingr
1%
Viktoria Plzeň MF Pavel Šulc
1%
Slavia Prague MF Petr Ševčík
1%
Viktoria Plzeň DF Robin Hranáč
1%
Spartak Trnava DF Sebastian Kóša
1%
Baník Ostrava MF Tomáš Rigo
1%
Shakhtar Donetsk DF Valeriy Bondar
1%
Hatta DF Vernon De Marco
1%
Dynamo Kyiv MF Volodymyr Brazhko
1%
Universitatia Craiova MF Anzor Mekvabishvili
0%
Slavia Prague DF David Douděra
0%
Basel MF Gabriel Sigua
0%
Shakhtar Donetsk DF Giorgi Gocholeishvili
0%
Persepolis DF Giorgi Gvelesiani
0%
APOEL FW Giorgi Kviliaia
0%
Panetolikos DF Jemal Tabidze
0%
Qarabağ GK Luka Gugegashvili
0%
Rapid Wien MF Matthias Siedl
0%
Sturm Graz MF Otar Kiteishvili
0%
Atlanta United MF Saba Lobzhanidze
0%
Wolfsberger FC MF Sandro Altunashvili
0%
Al-Okhdood DF Solomon Kvirikelia
0%
Slavia Prague DF Tomáš Vlček
0%
No matching quizzes found
Score Distribution
Percent of People with Each Score
Percentile by Number Answered
Your Score History
You have not taken this quiz